[Event "Tromsoe Mars GP A"]
[Site "Tromsoe"]
[Date "2017.03.26"]
[Round "7"]
[White "Lund, Gunnar"]
[Black "Skagseth, Havard M"]
[Result "1-0"]
[WhiteElo "1890"]
[BlackElo "1984"]
[PlyCount "81"]
[EventDate "2017.03.24"]
[EventType "swiss"]
[EventRounds "7"]
[EventCountry "NOR"]
[SourceTitle "EXT 2024"]
[Source "ChessBase"]
[SourceDate "2023.10.10"]
[SourceVersion "1"]
[SourceVersionDate "2023.10.10"]
[SourceQuality "1"]

1. Nf3 Nf6 2. g3 d5 3. Bg2 e6 4. 0-0 Bd6 5. d4 0-0 6. c4 dxc4 7. Qc2 a6 8. a4 Nbd7 9. Rd1 Qe7 10. Nbd2 Bb4 11. Nxc4 c5 12. dxc5 Bxc5 13. Bf4 Nd5 14. Ng5 N7f6 15. Bxd5 exd5 16. Rxd5 g6 17. Re5 Be6 18. Nxe6 fxe6 19. Be3 Bxe3 20. Nxe3 Rac8 21. Qb3 Rc6 22. Rd1 Qf7 23. f4 Nd7 24. Ng4 Qe8 25. Re4 b6 26. Qd3 Nc5 27. Qd4 h5 28. Nf6+ Rxf6 29. Qxf6 Nd7 30. Qg5 Rc5 31. Qh4 Kg7 32. Rd6 Rc1+ 33. Kf2 Nf8 34. Qg5 Rc5 35. Qd8 Qf7 36. Qxb6 Qf5 37. Qb7+ Kg8 38. Rd8 h4 39. Qe7 hxg3+ 40. hxg3 Rc4 41. Qxe6+ 1-0

[Event "NOR North-ch"]
[Site "Tromsoe"]
[Date "2015.05.22"]
[Round "6"]
[White "Skagseth, Havard M"]
[Black "Machlik, Edit"]
[Result "1/2-1/2"]
[WhiteElo "2047"]
[BlackElo "2030"]
[PlyCount "60"]
[EventDate "2015.05.22"]
[EventType "swiss"]
[EventRounds "6"]
[EventCountry "NOR"]
[SourceTitle "EXT 2024"]
[Source "ChessBase"]
[SourceDate "2023.10.10"]
[SourceVersion "1"]
[SourceVersionDate "2023.10.10"]
[SourceQuality "1"]

1. e4 c6 2. Nc3 d5 3. d4 dxe4 4. Nxe4 Bf5 5. Ng3 Bg6 6. h4 h6 7. Nf3 Nd7 8. h5 Bh7 9. Bd3 Bxd3 10. Qxd3 e6 11. Bf4 Qa5+ 12. Bd2 Qc7 13. 0-0-0 Ngf6 14. Ne4 0-0-0 15. g3 Nc5 16. Nxc5 Bxc5 17. c4 Qe7 18. Bc3 Bb4 19. Kb1 Bxc3 20. Qxc3 Rd6 21. Ne5 Rhd8 22. Kc2 Qc7 23. g4 c5 24. dxc5 Qxc5 25. f3 Ne4 26. fxe4 Qf2+ 27. Kc1 Qf4+ 28. Kc2 Qf2+ 29. Kc1 Qf4+ 30. Kc2 Qf2+ 1/2-1/2

[Event "Paleochora op 7th"]
[Site "Paleochora"]
[Date "2014.07.28"]
[Round "9"]
[White "Skagseth, Havard M"]
[Black "Mihajlov, Sebastian"]
[Result "1/2-1/2"]
[WhiteElo "1946"]
[BlackElo "2227"]
[PlyCount "36"]
[EventDate "2014.07.21"]
[EventType "swiss"]
[EventRounds "9"]
[EventCountry "GRE"]
[SourceTitle "CBM 161 Extra"]
[Source "ChessBase"]
[SourceDate "2014.08.29"]
[SourceVersion "1"]
[SourceVersionDate "2014.08.29"]
[SourceQuality "1"]

1. e4 e5 2. Nf3 Nc6 3. Bb5 a6 4. Ba4 Nf6 5. 0-0 b5 6. Bb3 Bb7 7. c3 Nxe4 8. d4 exd4 9. Re1 d5 10. Ng5 Qf6 11. Bxd5 Qxf2+ 12. Kh1 0-0-0 13. Nxe4 Qf5 14. c4 bxc4 15. Bxc4 Ne5 16. Ng3 Qf2 17. Ne4 Qf5 18. Ng3 Qh3 1/2-1/2

[Event "Tromsoe Arctic NGP-A"]
[Site "Tromsoe"]
[Date "2013.08.17"]
[Round "4"]
[White "Skagseth, Havard M"]
[Black "Sjol, Henrik"]
[Result "1/2-1/2"]
[WhiteElo "1934"]
[BlackElo "1871"]
[PlyCount "47"]
[EventDate "2013.08.16"]
[EventType "swiss"]
[EventRounds "7"]
[EventCountry "NOR"]
[SourceTitle "CBM 156 Extra"]
[Source "ChessBase"]
[SourceDate "2013.10.22"]
[SourceVersion "1"]
[SourceVersionDate "2013.10.22"]
[SourceQuality "1"]

1. e4 d5 2. exd5 Qxd5 3. Nc3 Qa5 4. d4 Nf6 5. Bd3 c6 6. Nge2 Nbd7 7. 0-0 g6 8. Bd2 Bg7 9. a4 Qd8 10. Qc1 0-0 11. Bh6 e5 12. Bxg7 Kxg7 13. Qg5 Re8 14. Rad1 h6 15. Qc1 Qc7 16. Kh1 exd4 17. Nxd4 Nc5 18. Bc4 Nce4 19. Nxe4 Rxe4 20. Be2 Qe5 21. Nf3 Qc7 22. Nd4 Qe5 23. Nf3 Qc7 24. Nd4 1/2-1/2

[Event "Rethymno op 5th"]
[Site "Rethymno"]
[Date "2013.08.02"]
[Round "7"]
[White "Makka, Evanthia"]
[Black "Skagseth, Havard M"]
[Result "0-1"]
[WhiteElo "2107"]
[BlackElo "1930"]
[PlyCount "184"]
[EventDate "2013.07.28"]
[EventType "swiss"]
[EventRounds "9"]
[EventCountry "GRE"]
[SourceTitle "CBM 155 Extra"]
[Source "ChessBase"]
[SourceDate "2013.08.26"]
[SourceVersion "1"]
[SourceVersionDate "2013.08.26"]
[SourceQuality "1"]

1. e4 c5 2. Nf3 d6 3. d4 cxd4 4. Qxd4 Nc6 5. Bb5 Bd7 6. Bxc6 Bxc6 7. Nc3 Nf6 8. Bg5 e6 9. 0-0-0 Be7 10. Qd3 Qc7 11. Kb1 0-0 12. h4 d5 13. e5 Ne4 14. Qe3 Nxc3+ 15. Qxc3 Rac8 16. Bxe7 Qxe7 17. Qd3 Ba4 18. b3 Qb4 19. Ng5 g6 20. h5 Bb5 21. Qd4 Qxd4 22. Rxd4 h6 23. Nh3 g5 24. f4 gxf4 25. Rxf4 Rc3 26. Nf2 Rfc8 27. Rc1 Be2 28. g4 Kg7 29. Rd4 Rf3 30. Nh1 Re3 31. Re1 Rcc3 32. Rd2 Ba6 33. Rdd1 Be2 34. Rc1 Rxe5 35. Nf2 Rce3 36. Kb2 Kf6 37. Rg1 Kg5 38. Rce1 Kf4 39. g5 Rxg5 40. Rh1 Rgg3 41. Rh4+ Kg5 42. Ra4 Ba6 43. Rh1 Ref3 44. Rh2 f5 45. Ra5 Kf6 46. b4 Rf4 47. a3 Rgf3 48. Nd1 Bf1 49. Rxa7 Ba6 50. Rd2 Rc4 51. c3 Rc7 52. Rg2 Ke5 53. Rg6 Be2 54. Kc2 Bxd1+ 55. Kxd1 Rf2 56. Rg3 Rh2 57. a4 Kd6 58. a5 f4 59. Rf3 e5 60. b5 Kc5 61. b6 Rg7 62. Ke1 Kc6 63. Ra8 Rg1+ 64. Rf1 Rg3 65. Rf2 Rxf2 66. Kxf2 Rh3 67. Rc8+ Kb5 68. Rd8 Rxh5 69. Rxd5+ Kc6 70. c4 Rh2+ 71. Kf3 Rh3+ 72. Ke2 e4 73. Rf5 Rh2+ 74. Kf1 f3 75. Re5 Re2 76. Re6+ Kd7 77. Rxh6 Rc2 78. Rf6 Rxc4 79. Kf2 Rc2+ 80. Ke3 Re2+ 81. Kd4 f2 82. a6 bxa6 83. Rf7+ Kc8 84. Kc5 e3 85. b7+ Kb8 86. Kb6 Rb2+ 87. Kxa6 e2 88. Rxf2 e1Q 89. Rf8+ Kc7 90. Rc8+ Kd7 91. Rc7+ Kxc7 92. b8Q+ Rxb8 0-1

[Event "Paleochora op 6th"]
[Site "Paleochora"]
[Date "2013.07.20"]
[Round "2"]
[White "Skagseth, Havard M"]
[Black "Markidis, Konstantinos"]
[Result "0-1"]
[WhiteElo "1930"]
[BlackElo "2376"]
[PlyCount "118"]
[EventDate "2013.07.19"]
[EventType "swiss"]
[EventRounds "9"]
[EventCountry "GRE"]
[SourceTitle "CBM 155 Extra"]
[Source "ChessBase"]
[SourceDate "2013.08.26"]
[SourceVersion "1"]
[SourceVersionDate "2013.08.26"]
[SourceQuality "1"]

1. e4 e6 2. d4 d5 3. Nc3 Nf6 4. Bg5 Bb4 5. exd5 Qxd5 6. Bxf6 Bxc3+ 7. bxc3 gxf6 8. Qf3 Qxf3 9. Nxf3 b6 10. g3 Bb7 11. Bg2 Nd7 12. Nh4 0-0-0 13. 0-0-0 c5 14. Bxb7+ Kxb7 15. Rhe1 Nb8 16. f4 Nc6 17. Nf3 Rhg8 18. Re2 cxd4 19. cxd4 Nb4 20. Kb2 Rc8 21. Kb3 Nc6 22. c3 Rc7 23. Nd2 Na5+ 24. Kc2 f5 25. Kd3 Rd8 26. Rb1 Ka6 27. Rb4 Rdc8 28. c4 Nc6 29. Rb3 Rd8 30. Nf3 Nxd4 31. Nxd4 Rcd7 32. Rc2 Rxd4+ 33. Ke3 Re4+ 34. Kf3 Rc8 35. Rbc3 h5 36. c5 Rxc5 37. Rxc5 bxc5 38. Rxc5 Ra4 39. Rc2 Kb5 40. Ke3 a5 41. Kd3 h4 42. Ke3 Ra3+ 43. Kf2 hxg3+ 44. hxg3 Kb4 45. Rb2+ Kc4 46. Rc2+ Rc3 47. Rb2 a4 48. Rb7 Rc2+ 49. Kf3 Rxa2 50. Rxf7 Rb2 51. Rc7+ Kb3 52. Rc6 a3 53. Rxe6 a2 54. Ra6 Rb1 55. g4 Rf1+ 56. Kg3 Rg1+ 57. Kf2 a1Q 58. Rxa1 Rxa1 59. gxf5 Kc4 0-1

[Event "NOR-ch U20"]
[Site "Lillehammer"]
[Date "2013.07.01"]
[Round "3"]
[White "Mikalsen, Erlend"]
[Black "Skagseth, Havard M"]
[Result "1-0"]
[WhiteElo "2117"]
[BlackElo "1930"]
[PlyCount "43"]
[EventDate "2013.06.29"]
[EventType "swiss"]
[EventRounds "9"]
[EventCountry "NOR"]
[SourceTitle "EXT 2014"]
[Source "ChessBase"]
[SourceDate "2013.11.20"]
[SourceVersion "1"]
[SourceVersionDate "2013.11.20"]
[SourceQuality "1"]

1. e4 c5 2. Nf3 d6 3. d4 cxd4 4. Nxd4 Nf6 5. Nc3 a6 6. Bc4 e6 7. Bb3 b5 8. f4 Be7 9. e5 dxe5 10. fxe5 Nd5 11. Nxd5 exd5 12. Qf3 Bb7 13. 0-0 0-0 14. Nf5 Bc5+ 15. Kh1 Qd7 16. Bh6 g6 17. Nd6 Bxd6 18. Qf6 Bxe5 19. Qxe5 f6 20. Rxf6 Re8 21. Raf1 Nc6 22. Bxd5+ 1-0

[Event "Oslo Nordstrand op"]
[Site "Oslo"]
[Date "2013.04.13"]
[Round "3"]
[White "Skagseth, Havard M"]
[Black "Hauge, Lars Oskar"]
[Result "0-1"]
[WhiteElo "1917"]
[BlackElo "2177"]
[PlyCount "194"]
[EventDate "2013.04.12"]
[EventType "swiss"]
[EventRounds "5"]
[EventCountry "NOR"]
[SourceTitle "CBM 154 Extra"]
[Source "ChessBase"]
[SourceDate "2013.06.25"]
[SourceVersion "2"]
[SourceVersionDate "2013.06.25"]
[SourceQuality "1"]

1. e4 c5 2. Nf3 d6 3. d4 cxd4 4. Nxd4 Nf6 5. Nc3 a6 6. Be3 e5 7. Nb3 Be6 8. Qd2 h5 9. f3 Qc7 10. Be2 Nbd7 11. 0-0 Be7 12. Rfd1 0-0 13. Kh1 Rac8 14. Rac1 Rfd8 15. Nd5 Bxd5 16. exd5 Nc5 17. Nxc5 dxc5 18. c4 g6 19. Bd3 Ne8 20. f4 Nf6 21. fxe5 Qxe5 22. Re1 Bd6 23. Bg1 Qf4 24. Qxf4 Bxf4 25. Rc2 Bd6 26. Rce2 Kg7 27. g3 Rh8 28. Be3 Rce8 29. Bg5 Rxe2 30. Rxe2 Nd7 31. Bf4 Bxf4 32. gxf4 Kf6 33. Kg2 Rb8 34. a4 Rd8 35. Kf3 Nb6 36. b3 Nc8 37. Rg2 Nd6 38. Re2 Rg8 39. Rg2 b6 40. Re2 Nb7 41. Re5 Rb8 42. Bc2 Nd6 43. Bd3 Nb7 44. Bc2 Nd6 45. Bd3 Nb7 46. Bc2 Na5 47. Re3 Rg8 48. Re2 Nb7 49. Bd3 Nd6 50. Rg2 Ne8 51. Re2 Nc7 52. Rc2 Ke7 53. Bf1 Kd6 54. Ra2 Re8 55. Re2 Rg8 56. Ra2 g5 57. fxg5 Rxg5 58. Bd3 Rg1 59. Kf2 Rc1 60. Ke3 Re1+ 61. Kf2 Rc1 62. Ke3 Rc3 63. Rb2 Ke5 64. Rb1 b5 65. axb5 axb5 66. Kd2 Kd4 67. Bf1 b4 68. Bg2 Ne8 69. Ke2 Nd6 70. Rd1+ Ke5 71. Rd3 Rxd3 72. Kxd3 Kf4 73. Ke2 f5 74. Bh1 h4 75. Bg2 Ke5 76. Ke3 f4+ 77. Kd3 Nf5 78. Bf3 Nd4 79. Bd1 Kf5 80. h3 Ke5 81. Bc2 f3 82. Bd1 f2 83. Be2 Nxb3 84. Ke3 Nc1 85. Kxf2 b3 86. Bd1 b2 87. Bc2 Na2 88. Ke3 Nc3 89. Kd3 b1Q 90. Bxb1 Nxb1 91. Kc2 Na3+ 92. Kb3 Nxc4 93. Kxc4 Kd6 94. Kc3 Kxd5 95. Kd3 Ke5 96. Kc4 Kf4 97. Kxc5 Kg3 0-1

[Event "Arco op 34th"]
[Site "Arco"]
[Date "2012.10.20"]
[Round "8"]
[White "Skagseth, Havard M"]
[Black "Kierzek, Mira"]
[Result "1-0"]
[WhiteElo "1835"]
[BlackElo "2018"]
[PlyCount "99"]
[EventDate "2012.10.13"]
[EventType "swiss"]
[EventRounds "9"]
[EventCountry "ITA"]
[SourceTitle "EXT 2013"]
[Source "ChessBase"]
[SourceDate "2012.11.22"]
[SourceVersion "1"]
[SourceVersionDate "2012.11.22"]
[SourceQuality "1"]

1. e4 c5 2. Nf3 Nc6 3. d4 cxd4 4. Nxd4 Qb6 5. Nb3 Nf6 6. Nc3 a6 7. Bd3 g6 8. f4 d6 9. h3 e6 10. Qf3 Bg7 11. Be3 Qc7 12. 0-0-0 b5 13. g4 b4 14. Ne2 Bb7 15. g5 Nd7 16. h4 Nb6 17. Kb1 Na4 18. Bc1 0-0-0 19. Qf2 Kb8 20. Ned4 Nxd4 21. Nxd4 Rc8 22. Rhe1 Nc5 23. Bd2 Bxe4 24. Bxb4 Bb7 25. Nb3 Nxb3 26. axb3 d5 27. Qd2 h6 28. Ba5 Qc6 29. c4 hxg5 30. hxg5 Rh4 31. cxd5 Qxd5 32. Qb4 Qc5 33. Qd2 Qd6 34. Bb4 Qc7 35. Bxa6 Ka8 36. Rc1 Qd8 37. Rxc8+ Qxc8 38. Rc1 Be4+ 39. Bd3 Qb7 40. Rc8+ Qxc8 41. Bxe4+ Ka7 42. Qf2+ Ka6 43. Qxh4 Bd4 44. Qe1 Qc7 45. Qd2 Qb6 46. Bc3 Bxc3 47. Qxc3 Qg1+ 48. Ka2 Qf2 49. Qc6+ Ka5 50. Bd3 1-0

[Event "Arco op 34th"]
[Site "Arco"]
[Date "2012.10.18"]
[Round "6"]
[White "Skagseth, Havard M"]
[Black "Valenti, Giuseppe"]
[Result "0-1"]
[WhiteElo "1835"]
[BlackElo "2162"]
[PlyCount "112"]
[EventDate "2012.10.13"]
[EventType "swiss"]
[EventRounds "9"]
[EventCountry "ITA"]
[SourceTitle "EXT 2013"]
[Source "ChessBase"]
[SourceDate "2012.11.22"]
[SourceVersion "1"]
[SourceVersionDate "2012.11.22"]
[SourceQuality "1"]

1. e4 d6 2. d4 g6 3. Nf3 Bg7 4. Be3 c6 5. Be2 Nd7 6. 0-0 Qc7 7. c3 Ngf6 8. Qc2 0-0 9. h3 b6 10. Nbd2 Bb7 11. Rad1 Rfe8 12. Rfe1 Rad8 13. Nf1 h6 14. Bd3 e5 15. Ng3 Nf8 16. Qc1 Kh7 17. Bc2 Bc8 18. Re2 Be6 19. b3 c5 20. d5 Bc8 21. Bd3 Bb7 22. Bd2 Re7 23. Nf1 Bc8 24. Ne3 b5 25. Qc2 Bd7 26. Ree1 Nh5 27. Bf1 Qc8 28. Kh2 Nf4 29. Ng1 a6 30. g3 Nh5 31. Be2 Nf6 32. Ra1 Ree8 33. Bf3 Kg8 34. Qc1 N8h7 35. Ng2 h5 36. Re2 Ng4+ 37. hxg4 hxg4 38. Nh4 gxf3 39. Ngxf3 Bg4 40. Re1 Qd7 41. Ng5 Nxg5 42. Bxg5 f6 43. Be3 g5 44. f3 gxh4 45. fxg4 Qxg4 46. Bf2 hxg3+ 47. Bxg3 Kf7 48. Qe3 Rh8+ 49. Kg2 Bh6 50. Qf3 Qxf3+ 51. Kxf3 Bd2 52. Rh1 Bxc3 53. Rac1 Bd2 54. Rcd1 Bg5 55. Kg4 Kg6 56. Rdf1 Rc8 0-1

[Event "Oslo Elo op"]
[Site "Oslo"]
[Date "2012.09.30"]
[Round "4"]
[White "Andersen, Dag"]
[Black "Skagseth, Havard M"]
[Result "0-1"]
[WhiteElo "1904"]
[BlackElo "1829"]
[PlyCount "90"]
[EventDate "2012.09.30"]
[EventType "swiss"]
[EventRounds "9"]
[EventCountry "NOR"]
[SourceTitle "EXT 2013"]
[Source "ChessBase"]
[SourceDate "2012.11.22"]
[SourceVersion "1"]
[SourceVersionDate "2012.11.22"]
[SourceQuality "1"]

1. d4 Nf6 2. Nf3 c5 3. e3 g6 4. Nbd2 cxd4 5. exd4 Bg7 6. c3 0-0 7. Bd3 b6 8. 0-0 Ba6 9. Bxa6 Nxa6 10. Qe2 Nc7 11. Ne5 Rc8 12. Ndf3 Ne6 13. Bd2 d6 14. Nd3 Qc7 15. Rfe1 Rfe8 16. Rac1 Qb7 17. h3 a6 18. Nh2 Nc7 19. Nf1 d5 20. Ng3 Nb5 21. Bf4 Rcd8 22. h4 h5 23. f3 Nd6 24. Ne5 b5 25. Nd3 Qc8 26. Qc2 Nh7 27. Re2 Bf6 28. Ne5 Kg7 29. Nf1 Bxh4 30. g4 hxg4 31. Rh2 Bf6 32. Nxg4 Qf5 33. Bh6+ Kg8 34. Qg2 Ng5 35. Nxf6+ exf6 36. Bxg5 Qxg5 37. Qxg5 fxg5 38. Rg2 f6 39. f4 Nf7 40. Nh2 Kg7 41. Rf1 gxf4 42. Rxf4 Re1+ 43. Kf2 Rde8 44. Kg3 Nd6 45. Ng4 Nf5+ 0-1

[Event "Oslo Elo op"]
[Site "Oslo"]
[Date "2012.09.30"]
[Round "9"]
[White "Skagseth, Havard M"]
[Black "Merkesvik, Sondre"]
[Result "1/2-1/2"]
[WhiteElo "1829"]
[BlackElo "1902"]
[PlyCount "39"]
[EventDate "2012.09.30"]
[EventType "swiss"]
[EventRounds "9"]
[EventCountry "NOR"]
[SourceTitle "EXT 2013"]
[Source "ChessBase"]
[SourceDate "2012.11.22"]
[SourceVersion "1"]
[SourceVersionDate "2012.11.22"]
[SourceQuality "1"]

1. e4 Nf6 2. Nc3 d5 3. exd5 Nxd5 4. Bc4 Nxc3 5. Qf3 e6 6. Qxc3 Nd7 7. Nf3 Nf6 8. d4 Bd6 9. Bg5 h6 10. Bh4 a5 11. Qd3 0-0 12. 0-0 Bd7 13. c3 Bc6 14. Rfe1 Re8 15. Rad1 Be7 16. h3 Bd5 17. Ne5 Bxc4 18. Qxc4 Nd7 19. Bxe7 Rxe7 20. Nxd7 1/2-1/2